| 000 | 00421nam a2200181Ia 4500 | ||
|---|---|---|---|
| 001 | 9848 | ||
| 005 | 20260306161748.0 | ||
| 008 | 260306t2005||||xx |||||||||||||| ||spa|| | ||
| 041 | _aESP | ||
| 082 |
_a468 _bS24 |
||
| 100 |
_aSánchez Pérez, Arsenio _eAUT |
||
| 245 | 0 | _aRedacción avanzada | |
| 260 | _c2005 | ||
| 300 |
_axvi, 560 páginas : _c24 cm. |
||
| 650 | _aGEN | ||
| 654 | _aCHU | ||
| 942 |
_cLIB _dJUS _fJUS _2ddc _n |
||
| 999 |
_c9848 _d9848 |
||